47 rahsia pemulihan tenaga mengatasi keletihan harian

Bibliographic Details
Main Author: 'Abdullah Al-Qari b. Hj. Salleh
Format: Book
Published: Kuala Lumpur : Al-Hidayah Publication , 2007
Subjects:

MARC

LEADER 00000cam a2200000 7i4500
001 0000140204
005 20100712.0
020 |a 9789830997360 
020 |a 9830997367 
090 0 0 |a 297.57   |b ABD 
100 0 |a 'Abdullah Al-Qari b. Hj. Salleh 
245 1 0 |a 47 rahsia pemulihan tenaga mengatasi keletihan harian   |c 'Abdullah Al-Qari b. Hj. Salleh 
260 |a Kuala Lumpur :   |b Al-Hidayah Publication ,   |c 2007 
300 |a 100p. ;   |c 21cm. 
650 0 0 |a Islamic meditations 
650 0 0 |a Islam   |x Customs and practices 
999 |a 00237323   |b BUKU   |c PINJAMAN   |e PERPUSTAKAAN KOMUNITI PETALING JAYA